01298nam a2200301u 450000100060000000300080000600500170001400800390003103500190007004000330008904100080012208200250013010000780015524501980023326000330043130000170046450400200048150501150050165100310061670000590064770000420070670000440074870000540079270000470084674000320089383000360092583000350096127918BD-RjUL20211209051221.0140329s1907 ne 001 0 eng a(BD-RjUL)27999 aDLCcCarPdDLCdBD-RjULbeng aeng a953.32bELP V-2 19071 aEL-Khazrajī, ʻAlī ibn al-Ḥasan,d-1409 or 1410. [from old catalog]14aThe pearl-strings :ba history of the Resúliyy dynasty of Yemen /cAlī ibn al-Ḥasan Khazrajī; James W Redhouse, Sir; Edward Granville Browne; Reynold Alleyne Nicolson; Alexander Rogers. aLeyden :bE.J. Brill,c1907. aV. ;c25 cm. aIncludes index. aVol. 1 Containing the first part of the translation -- Vol. 2 Containing the second half of the translation -- 0aYemen (Republic)xHistory.1 aRedhouse, James W.q(James William),cSir,d1811-1892.1 aBrowne, Edward Granville,d1862-1926.1 aNicholson, Reynold Alleyne,d1868-1945.1 aRogers, Alexander,d1825-1911. [from old catalog]0 aMuḥammad ʻAsal, [from old catalog]eed.0 aʻUqūd al-luʼluʼīyah. 0vv. III, 1-5. [from old catalog] 0a"E.J.W. Gibb memorial" series,